| 000 | 00569nam a2200193 ar4500 | ||
|---|---|---|---|
| 001 | 1015 | ||
| 005 | 20221127090106.0 | ||
| 008 | s xxu 00110|eng d | ||
| 020 |
_a0674013255(hpb) : _cSR104.00 |
||
| 082 | 0 | 4 |
_a378.12 _bB16 2004 |
| 100 | 1 | _aBain, Ken. | |
| 245 | 1 | 0 |
_aWhat the best college teachers do / _cKein Bain. |
| 250 | _a1st ed. | ||
| 260 |
_aCambridge, Mass. ; _aLondon : _bHarvard U. P. , _c2004. |
||
| 300 |
_a207 p. ; _c21 cm. |
||
| 504 | _aIncludes bibl. references and index. | ||
| 650 | 4 | _aCollege teaching. | |
| 650 | 4 | _aEffective teaching. | |
| 999 |
_c1014 _d1014 |
||